Statistics for Spices

Click here to take the quiz!

General Stats

  • This quiz has been taken 9 times
  • The average score is 8 of 22

Answer Stats

Answer% Correct
Pepper
89%
Salt
78%
Cinnamon
67%
Cumin
67%
Paprika
67%
Coriander
56%
Garlic
44%
Parsley
44%
Thyme
44%
Basil
33%
Onion Powder
33%
Rosemary
33%
Turmeric
33%
Cilantro
22%
Cloves
22%
Mint
22%
Oregano
22%
Sage
22%
Bay Leaves
0%
Chile powder
0%
Lavender
0%
Poppy Seed
0%

Score Distribution

Percentile by Number Answered

Percent of People with Each Score

Your Score History

You have not taken this quiz